000 00295nam a22001457a 4500
003 OSt
020 _aNA
040 _c0
082 _222
_a627.042
100 _aLikhi, S. K.
245 _aHydraulics /
260 _aNew Delhi,
_bNew Age,
_cc2001.
300 _a95p. ;
_bill. ;
942 _2ddc
_cCIVIL
999 _c5300
_d5300